=LDR 00000nam 2200000 4500 =001 INLIS000000000026859 =005 20130612125258 =008 ***********************************ind** =035 ##$$0010-061300000026859 =041 ##$$a ind =082 ##$$a 728.054 =090 ##$$a 728.054, SIA r =100 ##$$a Siahaan, Hotmian =245 ##$$a Ruang Makan, Penempatan dan tata letak, ragam furnitur, 15 inspirasi desain, Hotmian Siahaan =250 ##$$a Serial Rumah =260 ##$$a 2007 $b [s.l] =300 ##$$a 64 hlm., ilus., 28 cm =650 ##$$a Rumah Tinggal =650 ##$$a Ruang Makan-Majalah =850 ##$$a NBPNMAT